Rights of the child in India (Record no. 10433)

MARC details
000 -LEADER
fixed length control field 00554cam a2200217ua 4500
001 - CONTROL NUMBER
control field 11633
005 - DATE AND TIME OF LATEST TRANSACTION
control field 20260515114758.0
008 - FIXED-LENGTH DATA ELEMENTS--GENERAL INFORMATION
fixed length control field 191014n ii |||gr||||Z||||||eng
020 ## - INTERNATIONAL STANDARD BOOK NUMBER
International Standard Book Number 9788183701556
040 ## - CATALOGING SOURCE
Transcribing agency MAIN
041 ## - LANGUAGE CODE
Language code of text/sound track or separate title eng
082 ## - DEWEY DECIMAL CLASSIFICATION NUMBER
Classification number 323.352
100 ## - MAIN ENTRY--PERSONAL NAME
Personal name Rajkumar Manisana Singh,
Relator term Author.,
245 ## - TITLE STATEMENT
Title Rights of the child in India
Statement of responsibility, etc. By Rajkumar Manisana Singh
250 ## - EDITION STATEMENT
Edition statement 1st ed.
260 ## - PUBLICATION, DISTRIBUTION, ETC.
Place of publication, distribution, etc. New Delhi:
Name of publisher, distributor, etc. Akansha,
Date of publication, distribution, etc. 2009.
300 ## - PHYSICAL DESCRIPTION
Extent 112p.
653 ## - INDEX TERM--UNCONTROLLED
Uncontrolled term Civil & political rights
653 ## - INDEX TERM--UNCONTROLLED
Uncontrolled term Children rights
942 ## - ADDED ENTRY ELEMENTS (KOHA)
Koha item type Books
Holdings
Withdrawn status Lost status Damaged status Not for loan Home library Current library Shelving location Date acquired Total checkouts Full call number Barcode Date last seen Copy number Price effective from Koha item type
        Naharkatiya College Library Naharkatiya College Library General stacks 09/19/2020   323.352Civil rights | SIN 26543 09/19/2020 1 09/19/2020 Books